| 000 | 00342nam a22001457a 4500 | ||
|---|---|---|---|
| 003 | SGT | ||
| 020 | _a9788126714025 | ||
| 082 |
_a954.03 _bA08C |
||
| 100 | _aCHATURVEDI, BANARSIDAS | ||
| 245 | _aAMAR SAHID ASFAAQ ULLAH KHA | ||
| 260 |
_aINDIA _bRAJKAMAL PRAKASHAN _c2008 |
||
| 300 | _a172 | ||
| 650 | _aFREEDOM FIGHTERS | ||
| 942 |
_2ddc _cBK |
||
| 999 |
_c26143 _d26143 |
||